000 01390nam1a2200313 i 4500
001 RU\NLR\bibl\1374841
005 20260405110447.0
035 _a(NLR Aleph) 001366953
090 _a1017062
_c1017062
100 _a20090601g20089999u y0rusy50 ca
101 0 _arus
102 _aRU
105 _a||||z |||||
200 1 _aИнформация Иерархии Света человечеству накануне переполюсовки, квантового перехода, наступления эпохи Водолея, эры Сатья-Юга, шестой расы и великого галактического солнцестояния 21.12.2012 г.
_fВлад Булгаков
_gДуховно-космодипольная эзотер. группа New Age Masters
205 _a2-е изд.
210 _aМосква
_cАмрита-Русь
_d2008
215 _d20
225 1 _aСерия "В преддверии Золотого века"
463 0 _10011306092
606 1 _aЭзотерические учения
_91568890
_3RU\NLR\auth\66986948
686 _aЭ391,0
700 1 _4070
_7ca
_8rus
_aБулгаков
_bВ.
_gВлад
_924562
_3RU\NLR\auth\7741614
801 0 _aRU
_bNLR
_c20090601
_gRCR
801 1 _aRU
_bNLR
_c20090601
852 _aNLR
_j2008-3/36668
942 _cBOOK